[Event "Mechanics' Summer TNM; G/2"]
[Site "San Francisco"]
[Date "2016.06.07"]
[Round "3.31"]
[White "Shnaiderman, Lazar"]
[Black "Smith III, Robert"]
[Result "1/2-1/2"]
[WhiteElo "1808"]
[BlackElo "1770"]
[Annotator "Donaldson"]
[PlyCount "104"]
[EventDate "2016.??.??"]

1. d4 c6 2. c4 d5 3. Nc3 Nf6 4. Nf3 e6 5. e3 Be7 6. Qc2 O-O 7. Bd3 dxc4 8. Bxc4
b5 9. Be2 Bb7 10. O-O a6 11. Rd1 Nbd7 12. e4 Qb6 13. h3 Rfd8 14. Be3 Qc7 15.
Rac1 c5 16. d5 Nb6 17. dxe6 Rxd1+ 18. Rxd1 fxe6 19. Ng5 e5 20. Qb3+ c4 21. Bxb6
(21. Nxb5 $1) 21... cxb3 $2 (21... Qxb6 22. Bxc4+) (21... Qc6 $1) 22. Bxc7 Ne8
23. Bxe5 (23. Ne6 $1) 23... Bxg5 24. axb3 Nf6 25. f3 Be3+ 26. Kf1 Re8 27. Bd4
Bf4 28. Bf2 Nh5 29. Nd5 Ng3+ 30. Bxg3 Bxg3 31. Rd2 Kf7 32. Bd1 h5 33. b4 Rc8
34. Rc2 Rxc2 35. Bxc2 Bxd5 36. exd5 Bd6 37. Bf5 Bxb4 38. Bc8 a5 39. Ba6 a4 40.
Bxb5 a3 41. bxa3 Bxa3 42. g3 h4 43. g4 Kf6 44. Ke2 Ke5 45. Bc4 Kf4 46. Kf2 Bc5+
47. Kg2 Bd6 48. Bb3 Bc5 49. Bc2 Bd6 50. Bd1 Bc5 51. Be2 Bd6 52. Bf1 Bc5 1/2-1/2

[Event "Mechanics' Summer TNM; G/2"]
[Site "San Francisco"]
[Date "2016.06.07"]
[Round "3.24"]
[White "Simpkins, Jerry"]
[Black "Andries, W Craig"]
[Result "0-1"]
[WhiteElo "1538"]
[BlackElo "1862"]
[PlyCount "90"]
[EventDate "2016.??.??"]

1. e4 d5 2. e5 e6 3. f4 c5 4. d3 Nc6 5. c3 Nge7 6. Na3 a6 7. Nc2 b6 8. Be2 Bb7
9. Nf3 Nf5 10. O-O d4 11. c4 Be7 12. g4 Nh6 13. h3 Qd7 14. Bd2 Ng8 15. a3 a5
16. a4 f6 17. Na3 Na7 18. Qb3 Qc6 19. Nb5 Nxb5 20. cxb5 Qd5 21. Qxd5 Bxd5 22.
f5 exf5 23. gxf5 O-O-O 24. Bf4 g6 25. exf6 Bxf6 26. Ne5 gxf5 27. Bf3 Ne7 28.
Bxd5 Nxd5 29. Nc6 Rde8 30. Bh6 Rhg8+ 31. Kh1 Rg6 32. Rxf5 Rxh6 33. Rxd5 Rxh3+
34. Kg2 Rxd3 35. Rf1 Re2+ 36. Kh1 Rh3+ 37. Kg1 Rh6 38. Rd6 Rg6+ 39. Kh1 Re4 40.
Rf2 Re1+ 41. Kh2 Be5+ 42. Nxe5 Rxd6 43. Rf8+ Rd8 44. Rxd8+ Kxd8 45. Nc4 d3 0-1

[Event "Mechanics' Alan Benson TNM; G/2"]
[Site "San Francisco"]
[Date "2016.09.13"]
[Round "7.26"]
[White "Simpkins, Jerry"]
[Black "Arai, Gordon S"]
[Result "0-1"]
[WhiteElo "1542"]
[BlackElo "1737"]
[PlyCount "58"]
[EventDate "2016.??.??"]

1. e4 e6 2. f4 d5 3. e5 Nh6 4. d3 b6 5. c3 c5 6. Nf3 Bb7 7. Be2 Nc6 8. Na3 d4
9. O-O Nf5 10. g4 Nh4 11. Nc4 Be7 12. Nxh4 b5 13. Nd6+ Bxd6 14. exd6 Qxh4 15.
f5 e5 16. Bf3 Qf6 17. Qe2 Qxd6 18. Bf4 O-O-O 19. Bg3 dxc3 20. bxc3 Qxd3 21. Qg2
Na5 22. Bxb7+ Nxb7 23. Qc6+ Kb8 24. Bxe5+ Ka8 25. Rf3 Qe2 26. Bg3 Rc8 27. Qd5
Rhd8 28. Qxd8 Rxd8 29. Raf1 Qxa2 0-1

[Event "Mechanics' Summer TNM; G/2"]
[Site "San Francisco"]
[Date "2016.06.21"]
[Round "5.26"]
[White "Simpkins, Jerry"]
[Black "Askin, David Benja"]
[Result "0-1"]
[WhiteElo "1538"]
[BlackElo "1918"]
[Annotator "Donaldson"]
[PlyCount "106"]
[EventDate "2016.??.??"]

1. e4 c5 2. f4 d5 3. e5 Nc6 4. d3 e6 5. c3 d4 6. c4 b6 7. Nf3 Bb7 8. Be2 Nh6 9.
Nbd2 Be7 10. Ne4 Nf5 11. O-O h5 12. Nfg5 h4 13. Bh5 g6 14. Bg4 Na5 15. Bd2 Qc7
16. Qe2 Rd8 17. Rab1 Nc6 18. Bh3 a5 19. a3 a4 20. b3 axb3 21. Rxb3 Na5 22. Bxa5
bxa5 23. Rfb1 Bc6 24. Rb6 Bxg5 25. fxg5 Bxe4 26. Qxe4 O-O 27. Rb7 Qc8 28. Bxf5
exf5 29. Qxh4 Qe6 30. Qf4 Rfe8 31. Re1 Rb8 32. Qf3 Rxb7 33. Qxb7 Qe7 34. Qc6
Rb8 35. Qf6 Qe6 36. h4 Rb3 37. Qd8+ Kg7 38. Qxa5 Rxd3 39. Qxc5 Rc3 40. Qxd4
Rxc4 41. Qf2 Ra4 42. Re3 Qb6 43. g3 Qb1+ 44. Kg2 Rc4 (44... Rd4) 45. Re2 Qb7+
46. Kh2 Rc1 47. Qg2 Qa7 48. Ra2 $2 (48. e6 $1 fxe6 49. Rxe6 $18) 48... Qc7 49.
Qb2 $2 (49. e6) 49... Re1 $2 (49... f4 $1 50. gxf4 Qc4 $17) 50. e6+ Kh7 51.
exf7 Qxf7 52. a4 $2 (52. Qf2) 52... f4 53. g4 f3 (53... Qd5 54. Qg2 f3) 0-1

[Event "Mechanics' Alan Benson TNM; G/2"]
[Site "San Francisco"]
[Date "2016.08.09"]
[Round "2.19"]
[White "Simpkins, Jerry"]
[Black "Bayaraa, Chinguun"]
[Result "0-1"]
[WhiteElo "1542"]
[BlackElo "2061"]
[PlyCount "42"]
[EventDate "2016.??.??"]

1. e4 c5 2. f4 d6 3. c3 Nf6 4. Nf3 Nc6 5. d3 g6 6. Na3 Bg7 7. Nc2 Rb8 8. Be3 b5
9. e5 Nd5 10. exd6 Qxd6 11. Qd2 O-O 12. Be2 b4 13. d4 bxc3 14. bxc3 cxd4 15.
cxd4 Bf5 16. Ne5 Bxc2 17. Nxc6 Qxc6 18. Rc1 Nxe3 19. Qxe3 Qe4 20. Kd2 Bxd4 21.
Qxe4 Bxe4 0-1

[Event "Mechanics' Spring TNM; G/2"]
[Site "San Francisco"]
[Date "2016.04.05"]
[Round "4.39"]
[White "Simpkins, Jerry"]
[Black "Capdeville, Barry"]
[Result "0-1"]
[WhiteElo "1512"]
[BlackElo "1273"]
[PlyCount "35"]
[EventDate "2016.??.??"]

1. e4 e6 2. f4 d5 3. e5 Ne7 4. c3 Nec6 5. d3 Be7 6. Nf3 O-O 7. Be2 Nd7 8. O-O
f5 9. d4 Re8 10. Nbd2 Nf8 11. Nb3 a5 12. Be3 b6 13. Rc1 a4 14. Na1 Ng6 15. Bb5
Bd7 16. Bxa4 Nb8 17. Bxd7 Nxd7 18. a3 {White later blundered in a completely
winning position . Remaining moves unavailable.} 0-1

[Event "Mechanics' Fall TNM; G/2"]
[Site "San Francisco"]
[Date "2016.11.29"]
[Round "7.38"]
[White "Simpkins, Jerry"]
[Black "Erdenebileg, Erkhes"]
[Result "0-1"]
[WhiteElo "1542"]
[BlackElo "1365"]
[Annotator "Donaldson"]
[PlyCount "42"]
[EventDate "2016.??.??"]

1. e4 e5 2. Nf3 Nc6 3. Bc4 Bc5 4. O-O Nf6 5. Ng5 $6 (5. d3) (5. Nc3) 5... O-O
6. Nc3 h6 (6... d6) 7. Nf3 (7. Nxf7 Rxf7 8. Bxf7+ Kxf7) 7... d6 8. h3 Be6 9.
Bd5 (9. Bxe6 fxe6) (9. Bb3 Bxb3 10. axb3) (9. d3 Bxc4 10. dxc4) 9... Bxd5 10.
exd5 Ne7 11. d4 exd4 12. Nxd4 Nexd5 13. Nxd5 Nxd5 14. Nf5 Ne7 15. Nxg7 Kxg7 16.
Qh5 Ng6 {Diagram [#]} (16... Ng8 $1 17. b4 Bb6 18. Bb2+ f6) (16... Rh8 17. b4
Bb6 18. Bb2+ f6 19. Rfe1 Ng6 20. Re6 Re8 21. Rxf6 Qxf6 22. Bxf6+ Kxf6 23. Qxh6
Re2 24. Rf1 Rh8) 17. Bxh6+ (17. Qxh6+ Kg8 18. Bg5 Qd7 19. Bf6) 17... Kg8 18.
Bg5 $2 (18. Bxf8 Qxf8) 18... Qd7 19. Rfe1 (19. Rae1 Qf5 20. g4 Qxc2) 19... Qf5
20. Rf1 f6 21. g4 Qxg5 0-1

[Event "Mechanics' Winter TNM; G/2"]
[Site "San Francisco"]
[Date "2016.02.02"]
[Round "5.28"]
[White "Simpkins, Jerry"]
[Black "Hack, Richard"]
[Result "1-0"]
[WhiteElo "1512"]
[BlackElo "1654"]
[Annotator "Donaldson"]
[PlyCount "57"]
[EventDate "2016.??.??"]

1. e4 e5 2. d3 Nc6 3. f4 exf4 4. Bxf4 d6 5. Nf3 Nf6 6. Be2 Be7 7. O-O Nh5 8.
Be3 g6 9. Nd4 Ng7 10. Nxc6 bxc6 11. Bd4 O-O 12. Nd2 Ne6 13. Bc3 Bg5 14. Nc4 d5
15. exd5 cxd5 16. Ne5 Be3+ 17. Kh1 d4 18. Bb4 c5 19. Bd2 Bxd2 20. Qxd2 Qc7 21.
Bf3 Rb8 22. Nc4 Ba6 23. b3 Rbd8 24. Qf2 f5 25. Rae1 Ng5 26. Qh4 Nxf3 27. Rxf3
Bb7 $2 {Diagram [#]} (27... Rde8 $15) 28. Re7 $18 Rd7 29. Qxh7# 1-0

[Event "Mechanics' Fall TNM; G/2"]
[Site "San Francisco"]
[Date "2016.11.15"]
[Round "5.35"]
[White "Simpkins, Jerry"]
[Black "James, Charles"]
[Result "1-0"]
[WhiteElo "1542"]
[BlackElo "1380"]
[Annotator "Doe,John"]
[PlyCount "28"]
[EventDate "2016.??.??"]

1. e4 d5 2. e5 Bf5 3. d3 e6 4. f4 d4 5. c3 c5 6. c4 Be7 7. Nf3 Nc6 8. Be2 Nh6
9. O-O Ng4 10. h3 Ne3 11. Bxe3 dxe3 12. Nc3 Nb4 13. Qa4+ Nc6 14. Ne4 O-O {
White went on to win. Remaining moves unavailable.} 1-0

[Event "Mechanics' Alan Benson TNM; G/2"]
[Site "San Francisco"]
[Date "2016.08.30"]
[Round "5.24"]
[White "Simpkins, Jerry"]
[Black "Mays, Jerry L"]
[Result "0-1"]
[WhiteElo "1542"]
[BlackElo "1876"]
[PlyCount "62"]
[EventDate "2016.??.??"]

1. e4 c5 2. f4 d6 3. d3 Nc6 4. c3 Nf6 5. Nf3 Bg4 6. Be2 e6 7. Na3 Be7 8. Nc2
O-O 9. Ne3 Rc8 10. O-O b5 11. h3 Bxf3 12. Bxf3 b4 13. g4 Qc7 14. g5 Nd7 15. Qe2
Nb6 16. Qg2 bxc3 17. bxc3 c4 18. d4 Na4 19. Bd2 Nxd4 20. cxd4 c3 21. Rac1 Qb6
22. Ng4 cxd2 23. Rxc8 Qxd4+ 24. Kh2 Rxc8 25. Rd1 Rc2 26. e5 Qxf4+ 27. Kh1 dxe5
28. Qe2 Nc3 29. Qd3 Rc1 30. Qf1 Rxd1 31. Nf6+ Bxf6 0-1

[Event "Mechanics' Spring TNM; G/2"]
[Site "San Francisco"]
[Date "2016.05.03"]
[Round "8.22"]
[White "Simpkins, Jerry"]
[Black "Mays, Jerry L"]
[Result "0-1"]
[WhiteElo "1512"]
[BlackElo "1986"]
[PlyCount "81"]
[EventDate "2016.??.??"]

1. e4 g6 2. f4 Bg7 3. Nf3 d6 4. d3 c5 5. c3 Nf6 6. Na3 O-O 7. Be2 a6 8. O-O Nc6
9. Nc2 Rb8 10. Ne3 b5 11. g4 Nxg4 12. Ng5 Nf6 13. f5 d5 14. fxg6 hxg6 15. exd5
Ne5 16. c4 bxc4 17. dxc4 Rb6 18. Nf3 Qd6 19. Rb1 Bh3 20. Re1 Neg4 21. Bf1 Bxf1
22. Nxf1 Rfb8 23. Qe2 R8b7 24. Ng5 Nh6 25. b3 Nf5 26. Ne4 Qe5 27. Nxc5 Qd4+ 28.
Be3 Nxe3 29. Qxe3 Ng4 30. Qxd4 Bxd4+ 31. Kg2 Bxc5 32. Ng3 Ne3+ 33. Kf3 Nxc4 34.
Ne4 Ne5+ 35. Ke2 Bd6 36. Rec1 Rb4 37. Rc8+ Kg7 38. Ng5 Rg4 39. Nf3 Rg2+ 40. Ke3
Nxf3 41. Kxf3 {and White resigned in a few.} 0-1

[Event "Mechanics' Winter TNM; G/2"]
[Site "San Francisco"]
[Date "2016.01.05"]
[Round "1.16"]
[White "Simpkins, Jerry"]
[Black "Mays, Jerry L"]
[Result "0-1"]
[WhiteElo "1512"]
[BlackElo "1982"]
[PlyCount "62"]
[EventDate "2016.??.??"]

1. e4 e5 2. d3 Nf6 3. f4 exf4 4. Bxf4 d6 5. Nf3 Nc6 6. Nc3 Be7 7. Be2 O-O 8.
O-O Be6 9. d4 d5 10. e5 Ne4 11. Bd3 Bg4 12. Be3 Bg5 13. Bxg5 Nxg5 14. Be2 Ne4
15. Nd2 Bxe2 16. Nxe2 Qg5 17. Nxe4 dxe4 18. c3 Rad8 19. Ng3 Nxe5 20. Nxe4 Qe3+
21. Nf2 Ng6 22. Qb3 b6 23. Rae1 Qg5 24. Nh3 Qd5 25. Qc2 c5 26. Rf5 Qxa2 27. Rh5
cxd4 28. Nf4 Rde8 29. Rd1 dxc3 30. Nd3 cxb2 31. Nxb2 Qe6 0-1

[Event "Mechanics' Winter TNM; G/2"]
[Site "San Francisco"]
[Date "2016.02.16"]
[Round "7.29"]
[White "Simpkins, Jerry"]
[Black "Paquette, James"]
[Result "0-1"]
[WhiteElo "1512"]
[BlackElo "1676"]
[PlyCount "70"]
[EventDate "2016.??.??"]

1. e4 g6 2. f4 Bg7 3. e5 c5 4. c3 Nc6 5. Nf3 d6 6. d4 Qa5 7. Bd2 Qb6 8. Na3
cxd4 9. Nc4 Qc5 10. cxd4 Nxd4 11. Rc1 Nxf3+ 12. Qxf3 dxe5 13. Nxe5 Qd6 14. Bb5+
Kf8 15. Bc3 Nf6 16. Bc4 e6 17. Nd3 Qc6 18. Bb4+ Kg8 19. Qe2 Qe4 20. Qxe4 Nxe4
21. O-O Bd4+ 22. Kh1 Kg7 23. g4 Bd7 24. Ne5 Rhd8 25. Nxd7 Rxd7 26. Bb5 Rd5 27.
Bc4 Rdd8 28. Kg2 Bxb2 29. Rce1 Nd2 30. Bxd2 Rxd2+ 31. Kh1 Rc8 32. Bb3 Rc3 33.
f5 Rh3 34. Re4 Rhxh2+ 35. Kg1 Rdg2# 0-1

[Event "Mechanics' Fall TNM; G/2"]
[Site "San Francisco"]
[Date "2016.11.01"]
[Round "3.25"]
[White "Simpkins, Jerry"]
[Black "Poling, Scott E"]
[Result "0-1"]
[WhiteElo "1542"]
[BlackElo "1918"]
[PlyCount "70"]
[EventDate "2016.??.??"]

1. e4 c5 2. Nc3 a6 3. f4 b5 4. Nf3 Bb7 5. d3 e6 6. Be2 Nf6 7. e5 Nd5 8. O-O
Nxc3 9. bxc3 d5 10. Ba3 Qa5 11. Bb2 Nc6 12. a3 Be7 13. Nd2 O-O 14. Nb3 Qb6 15.
Nd2 f6 16. Nf3 d4 17. cxd4 Nxd4 18. Nxd4 cxd4 19. Bf3 Rfd8 20. Bc1 Rac8 21. Bd2
Bxf3 22. Rxf3 Qc7 23. Bb4 f5 24. Qd2 Rd7 25. Rf2 Qc6 26. Bxe7 Rxe7 27. Qb4 Qc5
28. Qa5 Qc3 29. Qxc3 Rxc3 30. a4 b4 31. a5 Rb7 32. Ra4 Ra3 33. Rxa3 bxa3 34.
Rf1 a2 35. Kf2 Rb1 0-1

[Event "Mechanics' Alan Benson TNM; G/2"]
[Site "San Francisco"]
[Date "2016.08.23"]
[Round "4.24"]
[White "Simpkins, Jerry"]
[Black "Poling, Scott E"]
[Result "1/2-1/2"]
[WhiteElo "1542"]
[BlackElo "1918"]
[PlyCount "90"]
[EventDate "2016.??.??"]

1. e4 c5 2. f4 e6 3. Nf3 Nf6 4. d3 d5 5. e5 Nfd7 6. c3 Nc6 7. Na3 Be7 8. Be2
O-O 9. O-O a6 10. Nc2 f6 11. d4 b5 12. a3 Na5 13. Ne3 c4 14. Kh1 Nb3 15. Rb1
Kh8 16. f5 Nb6 17. Nd2 Nxc1 18. Rxc1 fxe5 19. dxe5 exf5 20. Nf3 Be6 21. Nd4 Qd7
22. Bf3 Rad8 23. Qe2 Bg5 24. Rcd1 g6 25. Nec2 Rfe8 26. Rfe1 Na4 27. Nxe6 Qxe6
28. Nd4 Qb6 29. Qf2 Nc5 30. Qg3 Bh6 31. h4 Ne4 32. Bxe4 dxe4 33. h5 Bg7 34.
hxg6 Qxg6 35. Qh3 Rxe5 36. Rf1 Red5 37. Qe3 Qh6+ 38. Qxh6 Bxh6 39. Rde1 Rf8 40.
g4 fxg4 41. Rxf8+ Bxf8 42. Rxe4 h5 43. Re8 Kg7 44. Ra8 Rd6 45. Ra7+ Kg6 {
Black is winning on the board but had no time.} 1/2-1/2

[Event "Mechanics' Summer TNM; G/2"]
[Site "San Francisco"]
[Date "2016.07.05"]
[Round "7.24"]
[White "Simpkins, Jerry"]
[Black "Porlares, Teodoro"]
[Result "0-1"]
[WhiteElo "1538"]
[BlackElo "1805"]
[Annotator "Donaldson"]
[PlyCount "72"]
[EventDate "2016.??.??"]

1. e4 c6 2. f4 d5 3. e5 h5 4. d3 g6 5. c3 Nh6 6. Nf3 Bg4 7. Be2 e6 8. Be3 Nf5
9. Bf2 Bh6 10. g3 Bh3 11. Na3 Nd7 12. Nc2 O-O 13. Ne3 Nxe3 14. Bxe3 Bg2 15. Rg1
Bxf3 16. Bxf3 {Diagram [#]} Nxe5 $1 17. Bxh5 $1 Nd7 (17... gxh5 18. Qxh5 Nxd3+
19. Ke2 Nxb2 20. Qxh6 $11) 18. Bg4 c5 19. Qe2 Bg7 20. Qf2 Qa5 21. Bd2 Qb5 22.
O-O-O Qxd3 23. Be3 Qa6 24. Kb1 Rfc8 25. h4 Nf6 26. Bf3 Qa5 27. g4 Nd7 28. h5 b5
29. hxg6 b4 30. gxf7+ Kf8 31. Bd2 $2 {This tense battle changes on a dime.} (
31. f5 $1 bxc3 32. fxe6 Rab8 (32... Ne5 33. Bxd5 Rab8 34. Bg5) 33. exd7 $18)
31... bxc3 32. Bxc3 Bxc3 33. bxc3 Rab8+ 34. Kc1 Qa3+ 35. Kd2 Rb2+ 36. Ke3 d4+
0-1

[Event "Mechanics' Spring TNM; G/2"]
[Site "San Francisco"]
[Date "2016.03.22"]
[Round "2.15"]
[White "Simpkins, Jerry"]
[Black "Rudyak, Felix"]
[Result "0-1"]
[WhiteElo "1512"]
[BlackElo "1953"]
[PlyCount "48"]
[EventDate "2016.??.??"]

1. e4 c5 2. f4 d6 3. Nf3 Nc6 4. e5 dxe5 5. fxe5 Bg4 6. Bb5 Qc7 7. O-O O-O-O 8.
Bxc6 Qxc6 9. d3 f6 10. Bf4 g5 11. Bg3 Bg7 12. Qe1 h5 13. h3 Bxf3 14. Rxf3 g4
15. hxg4 hxg4 16. Rf1 Rh5 17. e6 Rd6 18. Bxd6 Qxd6 19. Nd2 f5 20. Nc4 Bd4+ 21.
Ne3 Qh2+ 22. Kf2 Qf4+ 23. Kg1 Bxe3+ 24. Rf2 g3 0-1

[Event "Mechanics' Fall TNM; G/2"]
[Site "San Francisco"]
[Date "2016.10.18"]
[Round "1.14"]
[White "Simpkins, Jerry"]
[Black "Sevall, Jacob"]
[Result "0-1"]
[WhiteElo "1542"]
[BlackElo "2033"]
[Annotator "Donaldson"]
[PlyCount "28"]
[EventDate "2016.??.??"]

1. e4 e5 2. c3 (2. Nf3 Nc6 3. c3 d5 4. Qa4) 2... d5 $1 3. Nf3 dxe4 4. Qa4+ Bd7
(4... Nd7 5. Qxe4 (5. Nxe5 Qe7 $17) 5... Ngf6 $17) 5. Qxe4 Nc6 6. Nxe5 $2 (6.
d4) 6... Qe7 7. d4 f6 $19 8. Bc4 fxe5 9. Bxg8 Rxg8 10. O-O g6 11. Na3 exd4 12.
Qd5 Be6 13. Qb5 O-O-O 14. Bg5 Qf7 $19 {Remaining moves unavailable.} 0-1

[Event "Mechanics' Winter TNM; G/2"]
[Site "San Francisco"]
[Date "2016.01.19"]
[Round "3.27"]
[White "Simpkins, Jerry"]
[Black "Sherwood, Peter"]
[Result "1-0"]
[WhiteElo "1512"]
[BlackElo "1671"]
[Annotator "Sherwood"]
[PlyCount "115"]
[EventDate "2016.??.??"]

1. e4 e6 2. d3 c5 3. c3 Nc6 4. f4 d5 5. e5 Nh6 6. Nf3 Bd7 7. Be2 Qb6 8. Na3 Be7
9. Nc2 Nf5 10. g4 Nh4 11. O-O Nxf3+ 12. Bxf3 O-O 13. Qe1 f6 14. Kg2 fxe5 15.
fxe5 Qc7 16. d4 cxd4 17. cxd4 Nxe5 18. Qxe5 Qxc2+ 19. Rf2 Qc6 20. Bf4 Bf6 21.
Qe3 Rac8 22. g5 Be7 23. h4 Bd6 24. Be5 Bxe5 25. Qxe5 Qc7 26. Qe3 Qf4 27. Qd2
Qxd2 28. Rxd2 Rc4 29. Kg3 Kf7 30. h5 Ke7 31. Re1 Kd6 32. Bg4 Rcc8 33. Re5 Rfe8
34. Be2 Rc1 35. Bd3 Rh8 36. Kg2 Rcc8 37. Rf2 Rcf8 38. Rxf8 Rxf8 39. Bxh7 Rf4
40. h6 gxh6 41. g6 Rxd4 42. Re2 (42. Rg5 $1 {
looks good, but there is a defense Fritz:} Rd2+ (42... hxg5 $2 43. g7) 43. Kf3
(43. Kg1 Be8 44. g7 Bf7) 43... d4 44. g7 Bc6+ 45. Kg4 Rg2+) 42... Rg4+ 43. Kf3
e5 44. Rg2 Rxg2 45. Kxg2 Bf5 $19 46. Kf3 Ke6 $4 (46... Ke7) 47. Bg8+ Kf6 48.
Bxd5 Kxg6 $4 {an oversight--I had planned to play ...b6 first} 49. Bxb7 Kg5 50.
b4 h5 51. a4 h4 52. a5 Bd3 53. Bc6 a6 54. b5 h3 55. b6 e4+ 56. Kg3 e3 57. b7 e2
58. Kf2 1-0

[Event "Mechanics' Spring TNM; G/2"]
[Site "San Francisco"]
[Date "2016.04.19"]
[Round "6.36"]
[White "Simpkins, Jerry"]
[Black "Standen, Julian"]
[Result "1-0"]
[WhiteElo "1512"]
[BlackElo "1622"]
[Annotator "Donaldson"]
[PlyCount "63"]
[EventDate "2016.??.??"]

1. e4 d5 2. e5 c5 3. c3 Bf5 4. f4 e6 5. d3 Nc6 6. Nf3 Nge7 7. Be2 Qb6 8. O-O
c4+ 9. d4 g6 10. Na3 Bg4 11. Nc2 Bg7 12. Ne3 Bxf3 13. Bxf3 O-O 14. Rb1 Qd8 15.
g4 f5 16. Qe2 Qd7 17. Qg2 Kh8 18. b3 b5 19. Ba3 Rg8 20. Bxe7 Nxe7 21. bxc4 bxc4
{Diagram [#]} (21... fxg4 {was forced keeping White's advantage to a minimum.})
22. Nxc4 $1 fxg4 23. Nd6 $1 Nf5 24. Rb7 $1 Qxd6 (24... Qxb7 25. Nxb7 gxf3 26.
Qxf3 $18) 25. exd6 Ne3 26. Qe2 Nxf1 27. Bxg4 Nxh2 28. Kxh2 Rgf8 29. Bxe6 Rxf4
30. Rxg7 Kxg7 31. Qe5+ Rf6 32. Bxd5 1-0

[Event "Mechanics' Fall TNM; G/2"]
[Site "San Francisco"]
[Date "2016.12.13"]
[Round "9.34"]
[White "Simpkins, Jerry"]
[Black "Tuck, Drew"]
[Result "0-1"]
[WhiteElo "1542"]
[BlackElo "1341"]
[PlyCount "90"]
[EventDate "2016.??.??"]

1. e4 e5 2. Nf3 Nc6 3. Bc4 Nf6 4. Ng5 d5 5. exd5 Na5 6. Bb5+ c6 7. dxc6 bxc6 8.
Qf3 h6 9. Bxc6+ Nxc6 10. Qxc6+ Bd7 11. Nxf7 Bxc6 12. Nxd8 Rxd8 13. O-O Bc5 14.
d3 O-O 15. Be3 Bd4 16. Nc3 e4 17. Bxd4 Rxd4 18. Ne2 Rb4 19. b3 exd3 20. cxd3
Bb5 21. Rfd1 Rd8 22. Nc1 Rbd4 23. h3 Bxd3 24. Nxd3 Rxd3 25. Rxd3 Rxd3 26. Kf1
Rd2 27. a4 Rb2 28. Ra3 Ne4 29. f3 Rxb3 30. Ra2 Nc3 31. Rc2 Ra3 32. a5 Nb5 33.
Rc5 Rxa5 34. Kf2 Ra2+ 35. Kg3 Nd6 36. h4 a5 37. Rd5 Nc4 38. Kh3 a4 39. g4 a3
40. g5 hxg5 41. hxg5 Kf7 42. f4 Ra1 43. f5 a2 44. Rd7+ Ke8 45. f6 gxf6 0-1

[Event "Mechanics' Summer TNM; G/2"]
[Site "San Francisco"]
[Date "2016.05.24"]
[Round "1.10"]
[White "Simpkins, Jerry"]
[Black "Viswanath, Ganesh"]
[Result "0-1"]
[WhiteElo "1538"]
[BlackElo "2082"]
[PlyCount "60"]
[EventDate "2016.??.??"]

1. e4 c5 2. f4 Nc6 3. Nf3 g6 4. c3 d5 5. e5 d4 6. d3 Bg7 7. c4 Nh6 8. Nbd2 O-O
9. Ne4 f6 10. Nxc5 $4 {Diagram [#]} Qa5+ 11. Bd2 Qxc5 12. Be2 fxe5 13. fxe5
Nxe5 14. O-O Bf5 15. b4 Nxf3+ 16. Bxf3 Qc7 17. Bd5+ e6 18. Bf4 Qe7 19. Re1 Ng4
20. c5 Ne3 21. Bxe3 dxe3 22. Bc4 Bxa1 23. Qxa1 Qf6 24. Qc1 Bxd3 25. Bxd3 Qf2+
26. Kh1 Qd2 27. Bc4 Qxc1 28. Bxe6+ Kg7 29. Rxc1 e2 30. Bc4 Rae8 0-1

[Event "Mechanics' Alan Benson TNM; G/2"]
[Site "San Francisco"]
[Date "2016.08.23"]
[Round "4.15"]
[White "Sloan, Sam"]
[Black "Kuczek, Kevin W"]
[Result "1/2-1/2"]
[WhiteElo "1963"]
[BlackElo "1742"]
[Annotator "Donaldson"]
[PlyCount "106"]
[EventDate "2016.??.??"]

1. g4 e5 2. d3 Ne7 3. Bg5 h6 4. Bh4 g5 5. Bg3 Nbc6 6. c4 d6 7. h3 Ng6 8. Nc3
Be6 9. a3 Bg7 10. b4 f5 11. f3 e4 $1 $19 12. Nd5 Bxd5 13. cxd5 Bc3+ 14. Kf2 f4
15. dxc6 fxg3+ 16. Kxg3 Qf6 17. dxe4 Bxa1 (17... Bd4 $1) 18. cxb7 Rb8 19. e3
Qe5+ 20. Kf2 Qb2+ 21. Ne2 O-O 22. Bg2 Ne5 23. Re1 (23. Qxa1 $4 Nd3+) 23... Qxa3
(23... c5 24. Qxa1 Nd3+ 25. Kf1 Qd2) 24. Qxa1 Qxa1 25. Rxa1 Nd3+ 26. Kg3 $17
Rxb7 27. Nd4 Nxb4 28. Nf5 Kh7 29. h4 Nc2 30. Rc1 gxh4+ 31. Kxh4 Rxf5 $2 {
Diagram [#]} (31... Rb2) 32. exf5 (32. gxf5 $1 Nxe3 33. Bh3 {
leaves the Black knight in a very precarious situation.} c5 34. Kg3 Rb3 (34...
Kg7 35. Rc3 Nd1 36. Rd3) 35. Ra1) 32... Nxe3 33. Bh1 c5 34. Rc3 Nd1 35. Rc2 $2
(35. Rc1) 35... Rb2 36. Rxb2 Nxb2 37. f4 c4 $2 (37... Nd3 $19) 38. g5 $11 Nd3
39. f6 Nxf4 40. Be4+ Ng6+ (40... Kg8 $4 41. gxh6 $18) 41. Kh5 hxg5 42. Kxg5 d5
43. Bxg6+ Kg8 44. Kf4 d4 45. Ke5 d3 46. Kd6 Kf8 47. Kc5 d2 48. Bh5 d1=Q 49.
Bxd1 Kf7 50. Kxc4 Kxf6 51. Kb5 Ke7 52. Ka6 Kd6 53. Kxa7 Kc6 1/2-1/2

[Event "Mechanics' Alan Benson TNM; G/2"]
[Site "?"]
[Date "2016.08.09"]
[Round "2.43"]
[White "Sloan, Sam"]
[Black "Sevall, Jacob"]
[Result "1/2-1/2"]
[WhiteElo "1963"]
[BlackElo "2115"]
[PlyCount "98"]
[EventDate "2016.??.??"]

1. g4 d5 2. Bg2 e5 3. c4 Ne7 4. cxd5 Nxd5 5. Nc3 c6 6. Qb3 Nb6 7. h3 Be6 8. Qc2
h5 9. gxh5 Rxh5 10. Nf3 N8d7 11. d4 Qf6 12. Be3 Nd5 13. O-O-O Nxe3 14. fxe3 Qh6
15. Qd2 O-O-O 16. dxe5 Bc5 17. Kb1 Qg6+ 18. Ka1 Qxg2 19. Ne4 Qg6 20. Nxc5 Bd5
21. Qb4 b6 22. Nd3 Qe4 23. Qxe4 Bxe4 24. Nf4 Bxf3 25. exf3 Rxe5 26. e4 Nc5 27.
b4 Ne6 28. Nxe6 Rxe6 29. Rxd8+ Kxd8 30. Rg1 g6 31. Kb2 Ke7 32. Kc3 Kf6 33. Kd4
Rd6+ 34. Ke3 Rd8 35. Rc1 Rc8 36. Kf4 c5 37. bxc5 bxc5 38. Rc4 Rc6 39. e5+ Ke6
40. Ke4 Ra6 41. Rxc5 Ra4+ 42. Ke3 Rxa2 43. f4 Kf5 44. Rc7 Ra3+ 45. Kd4 Ra4+ 46.
Kd5 Ra5+ 47. Kd6 Ra6+ 48. Kd5 Ra5+ 49. Kd6 Ra6+ 1/2-1/2

[Event "Mechanics' Winter TNM; G/2"]
[Site "San Francisco"]
[Date "2016.02.16"]
[Round "7.17"]
[White "Smith, David A"]
[Black "Bekhtur, Bayaraa"]
[Result "0-1"]
[WhiteElo "1581"]
[BlackElo "1915"]
[PlyCount "82"]
[EventDate "2016.??.??"]

1. c4 Nf6 2. Nc3 g6 3. g3 Bg7 4. Bg2 O-O 5. Nf3 c6 6. O-O d5 7. d3 d4 8. Nb1
Bf5 9. Bg5 Ne8 10. Qc1 Qd7 11. Bh6 Na6 12. Bxg7 Kxg7 13. Qf4 Rd8 14. g4 Bxg4
15. Ne5 Qf5 16. Qxg4 Qxe5 17. Nd2 f5 18. Qh4 Nf6 19. Bf3 h6 20. Kh1 g5 21. Qg3
Qxg3 22. hxg3 e5 23. Rab1 Nc5 24. b4 Na4 25. Rfe1 Nc3 26. Rb2 e4 27. Bg2 Ng4
28. dxe4 Nxf2+ 29. Kg1 fxe4 30. Rc2 e3 31. Nb3 Nfe4 32. Bf3 Nxg3 33. Nxd4 Rxd4
34. Rxc3 g4 35. Bg2 Nf5 36. Rec1 Rd2 37. R1c2 Rd1+ 38. Kh2 h5 39. Be4 Nd4 40.
Rb2 Rf2+ 41. Kg3 Nxe2+ 0-1

[Event "Mechanics' Winter TNM; G/2"]
[Site "San Francisco"]
[Date "2016.01.19"]
[Round "3.22"]
[White "Smith, David A"]
[Black "Dougal, Michael"]
[Result "0-1"]
[WhiteElo "1581"]
[BlackElo "1801"]
[PlyCount "82"]
[EventDate "2016.??.??"]

1. c4 e5 2. Nc3 Nc6 3. Nf3 g6 4. d3 Bg7 5. e3 d6 6. Rb1 f5 7. a3 e4 8. dxe4
Bxc3+ 9. bxc3 fxe4 10. Nd4 Ne5 11. Be2 Nf6 12. h3 O-O 13. a4 Qe7 14. f4 exf3
15. Nxf3 b6 16. O-O Bb7 17. Nxe5 Qxe5 18. Qd4 Rae8 19. Bf3 Bxf3 20. Rxf3 Ne4
21. Rxf8+ Kxf8 22. Qd3 Qg3 23. Qf1+ Kg7 24. Rb2 Rf8 25. Qe2 Rf2 26. Qxf2 Nxf2
27. Rxf2 Qh4 28. Bd2 Qxc4 29. Rf4 Qe2 30. Rf2 Qd1+ 31. Kh2 Qxa4 32. g4 g5 33.
Rf5 h6 34. Kg3 Qe4 35. h4 gxh4+ 36. Kxh4 Qg2 37. g5 Qh2+ 38. Kg4 h5+ 39. Kf3
Qxd2 40. Kf4 Qxc3 41. Ke4 Qc2+ {White ran out of time.} 0-1